| 000 | 00491nam a22001937a 4500 | ||
|---|---|---|---|
| 003 | OSt | ||
| 005 | 20170407132245.0 | ||
| 008 | 170407b xxu||||| |||| 00| 0 eng d | ||
| 020 | _a9788122418088 | ||
| 040 | _cDDC | ||
| 082 | _a541 CHA 2006 | ||
| 100 |
_aChandra, Sulekh _91413 |
||
| 245 | _aComprehensive Inorganic Chemistry | ||
| 250 | _aVol.ii | ||
| 260 | _aNew Delhi; New Age Publishers, 2006 | ||
| 300 | _a281p; ill: 24cm | ||
| 650 |
_aInorganic Chemistry _9799 |
||
| 942 |
_2z _cSLOAN |
||
| 999 |
_c5817 _d5817 |
||